LEADER 00807nam0-22002891i-450- 001 990003689200403321 010 $a3-540-64721-X 035 $a000368920 035 $aFED01000368920 035 $a(Aleph)000368920FED01 035 $a000368920 100 $a20000920d1998----km-y0itay50------ba 101 0 $aENG 200 1 $aMultivariate geostatistics$ean introduction with applications$fHans Wackernagel 205 $a2., completely rev. ed 210 $aBerlin$cSpringer$d1998 215 $axiv, 291 p.$d24 cm 610 0 $aGeostatistica 676 $a622 700 1$aWackernagel,$bHans$0381159 801 0$aIT$bUNINA$gRICA$2UNIMARC 901 $aBK 912 $a990003689200403321 952 $aXVIII-F-2$b7902$fMAS 959 $aMAS 996 $aMultivariate geostatistics$943157 997 $aUNINA